| 000 | 00853nam a2200265 i 4500 | ||
|---|---|---|---|
| 003 | DO-SdBNP | ||
| 005 | 20260321073645.0 | ||
| 006 | a||||gr|||| 00| 0 | ||
| 007 | ta | ||
| 008 | 230731t1990 dr a|||| |||| 00| 0 spa d | ||
| 040 |
_aDO-SdBNP _bspa _cBNPHU _erda |
||
| 082 | 4 |
_222 _aRD863.44 _bD542d, 1990 |
|
| 100 | 1 |
_aDíaz Grullón, Virgilio, _d1924-2001 _9501 |
|
| 245 | 1 | 0 |
_aDe niños, hombres y fantasmas. / _cVirgilio Díaz Grullón; prólogo de Juan Bosch. |
| 250 | _a4a edición | ||
| 264 | 4 |
_aSanto Domingo : _bTaller, _c1990 |
|
| 300 |
_a381 páginas : _bIlustraciones ; _c20 cm. |
||
| 336 |
_2rdacontent _atexto _btxt |
||
| 337 |
_2rdamedia _asin medición _bn |
||
| 338 |
_2rdacarrier _avolumen _bnc |
||
| 490 |
_aTaller ; _v211 |
||
| 590 | _aInventariado 2023 / MF | ||
| 700 | 1 |
_a Bosch, Juan, _d1909-2001 _eprólogo _976555 |
|
| 942 |
_2ddc _cLBS1 |
||
| 999 |
_c54268 _d54268 |
||